Dimrain47 Songs - Statistics

General Stats
  • This quiz has been taken 15 times
  • The average score is 17 of 25
Answer Stats
Answer % Correct
At the Speed of Light
86%
Every End...
86%
Infernoplex
86%
The Falling Mysts
86%
A Question of Fate
71%
A Spectrum Wind
71%
Confines of a Memory
71%
Duality
71%
Midnight Siege
71%
Operation: Evolution
71%
R.E.M. III
71%
Revolutions
71%
Surface
71%
The Final Hour
71%
The Prototype
71%
Unfinished Trance
71%
Buzztone Symphony
57%
Cloud Control
57%
Frozen in Black and Silver
57%
Jetstream!
57%
The Kriotube
57%
Twilight Techno
57%
In Dream
43%
Through the Gates
43%
Cerebral Infection
29%
No matching quizzes found
Score Distribution
Percent of People with Each Score
Percentile by Number Answered
Your Score History
You have not taken this quiz